000 00360nam a2200133Ia 4500
008 220216s9999 xx 000 0 und d
100 _aKhanna Ravi
245 4 _aThe Role of attitudes and values in enhancing competitiveness
260 _bRubber India
_c2006
300 _a37-41
650 _aLabour productivity
650 _aManagement system
942 _cJS
999 _c70977
_d70977